Loading...
| History - European | 0 | 5 | 1 | 2 | 45 | 113 | 125.00 | 0 | 1 | -0.16 | 16.00 |
| History - World | 0 | 4 | 0 | 1 | 40 | 86 | 100.75 | 0 | 2 | 7.17 | 20.75 |
| Religion | 0 | 4 | 0 | 1 | 40 | 100 | 115.50 | 0 | 1 | 3.12 | 17.00 |
| Mythology | 0 | 3 | 0 | 0 | 30 | 53 | 80.67 | 0 | 1 | 12.05 | 16.75 |
| History - Other | 0 | 3 | 1 | 0 | 25 | 73 | 101.00 | 0 | 2 | 4.85 | 16.75 |
| Social Science | 0 | 2 | 1 | 1 | 15 | 81 | 93.00 | 0 | 1 | 3.43 | 15.00 |
| Geography/Current Events | 0 | 2 | 1 | 1 | 15 | 102 | 116.00 | 0 | 0 | 3.76 | 16.67 |
| History - American | 0 | 2 | 1 | 0 | 15 | 40 | 62.00 | 1 | 2 | 9.82 | 18.00 |
| Science - Chemistry | 0 | 1 | 0 | 0 | 10 | 128 | 128.00 | 0 | 0 | -0.16 | 2.00 |
| Literature - European | 0 | 1 | 0 | 1 | 10 | 134 | 134.00 | 0 | 0 | 0.00 | 1.00 |
| Science - Biology | 0 | 1 | 0 | 0 | 10 | 97 | 97.00 | 0 | 0 | 1.98 | 5.00 |
| Philosophy | 0 | 1 | 0 | 0 | 10 | 117 | 117.00 | 0 | 0 | -0.17 | 1.00 |
| Fine Arts - Classical Music | 0 | 1 | 0 | 0 | 10 | 89 | 89.00 | 0 | 0 | 1.98 | 4.00 |
| Science - Other | 0 | 1 | 1 | 1 | 5 | 117 | 117.00 | 0 | 0 | 0.00 | 1.00 |
| Science - Physics | 0 | 0 | 0 | 0 | 0 | 0.00 | 0 | 0 | 0.00 | 0.00 |